Modern myths, locked minds : (Record no. 31947)

MARC details
000 -LEADER
fixed length control field 01214cam a2200313 a 4500
005 - DATE AND TIME OF LATEST TRANSACTION
control field 20060727202709.0
008 - FIXED-LENGTH DATA ELEMENTS--GENERAL INFORMATION
fixed length control field 970612s1997 ii b 001 0 eng
010 ## - LCCN (DPL NO)
LC control number ENG-95511
020 ## - INTERNATIONAL STANDARD BOOK NUMBER
International Standard Book Number 0198065108
Terms of availability 375.00
020 ## - INTERNATIONAL STANDARD BOOK NUMBER
International Standard Book Number 9780198065104
Terms of availability 375.00
035 ## - SYSTEM CONTROL NUMBER
System control number EN-79044
037 ## - SOURCE OF ACQUISITION
Source of stock number/acquisition DBAD/PUB
040 ## - CATALOGING SOURCE
Original cataloging agency DPL
082 ## - DEWEY DECIMAL CLASSIFICATION NUMBER
Classification number 291.1720954
Edition number 2
100 ## - MAIN ENTRY--PERSONAL NAME
Personal name Madan, T. N.
245 ## - TITLE STATEMENT
Title Modern myths, locked minds :
Remainder of title secularism and fundamentalism in India /
Statement of responsibility, etc by T.N. Madan.
250 ## - EDITION STATEMENT
Edition statement 2nd. ed.
260 ## - PUBLICATION, DISTRIBUTION, ETC. (IMPRINT)
Place of publication, distribution, etc New Delhi
Name of publisher, distributor, etc Oxford University Press,
Date of publication, distribution, etc 2009
270 ## - ADDRESS
Address YMCA building, Jai singh road
City New Delhi
Postal code 110001
300 ## - PHYSICAL DESCRIPTION
Extent xxv, 374 p. ;
Dimensions 22 cm.(Pbk)
504 ## - BIBLIOGRAPHY, ETC. NOTE
Bibliography, etc Includes bibliographical references and index.
650 ## - SUBJECT ADDED ENTRY--TOPICAL TERM
Topical term or geographic name as entry element Secularism
Geographic subdivision India.
650 ## - SUBJECT ADDED ENTRY--TOPICAL TERM
Topical term or geographic name as entry element Fundamentalism.
651 ## - SUBJECT ADDED ENTRY--GEOGRAPHIC NAME
Geographic name India
General subdivision Religion.
856 ## - ELECTRONIC LOCATION AND ACCESS
Materials specified Publisher description
Uniform Resource Identifier <a href="http://www.loc.gov/catdir/enhancements/fy0640/97900357-d.html">http://www.loc.gov/catdir/enhancements/fy0640/97900357-d.html</a>
942 ## - ADDED ENTRY ELEMENTS (KOHA)
Source of classification or shelving scheme Dewey Decimal Classification
Item type English Books
Call number suffix MAD
Classification part 291.1720954
Holdings
Withdrawn status Lost status Source of classification or shelving scheme Damaged status Not for loan Collection code Home library Current library Date acquired Source of acquisition Cost, normal purchase price Total Checkouts Full call number Barcode Date last seen Copy number Cost, replacement price Koha item type
    Dewey Decimal Classification   Not For Loan Non-fiction D.B.Act.Division D.B.Act.Division 19/11/2009 DBAD / PUB 375.00   291.1720954 MAD EN-79044 19/11/2009 1 375.00 English Books

© Delhi Public Library
Hit Counter
free hit counter